Tìm hiểu pháp luật về giám sát của nhân dân đối với cơ quan hành chính nhà nước hiện nay /

Kaydedildi:
Detaylı Bibliyografya
Yazar: Nguyễn Thị Hạnh
Materyal Türü: Makale
Dil:Vietnamese
Konular:
Etiketler: Etiketle
Etiket eklenmemiş, İlk siz ekleyin!
Thư viện lưu trữ: Thư viện Trường Đại học Đà Lạt
LEADER 00877nam a2200277 4500
001 DLU140164218
005 ##20140918
040 # # |a DLU  |b vie 
041 # # |a vie 
044 # # |a vn 
100 # # |a Nguyễn Thị Hạnh 
245 # # |a Tìm hiểu pháp luật về giám sát của nhân dân đối với cơ quan hành chính nhà nước hiện nay /  |c Nguyễn Thị Hạnh 
653 # # |a Cơ quan hành chính sự nghiệp 
653 # # |a Giám sát 
653 # # |a Nhân dân 
653 # # |a Pháp luật 
773 # # |t Tạp chí Khoa học Xã hội Việt Nam  |g Số 3(64), 2013, tr. 52-59 
920 # # |a Phòng Tạp chí -- Trung tâm Thông tin - Thư viện Trường Đại học Đà Lạt 
994 # # |a DLU 
900 # # |a True 
911 # # |a Nguyễn Thị Tưởng 
925 # # |a G 
926 # # |a A 
927 # # |a BB 
980 # # |a Thư viện Trường Đại học Đà Lạt